000 00688nam a2200289Ia 4500
005 20260324134629.0
008 008 260324s9999 xx 000 0 eng d
020 _a9780429120558
037 _aEBOOK
040 _aCRL
040 _beng
040 _cCRL
041 _2eng
041 _aeng
084 _qCRL
100 _aRoumen G. Tsanev; Ivan Ivanov
_91197551
245 0 _aImmune Interferon
245 0 _bProperties and Clinical Applications
260 _bTaylor and Francis
260 _c2001
365 _a
365 _b560
856 _uhttp://www.taylorfrancis.com/books/9780429120558
942 _cEBOOK
999 _c1797829
_d1797829